Statystyki dla Największe lotniska (wdg liczby lotów na rok)

Kliknij tutaj aby rozwiązać quiz!

Ogólne statystyki

  • Ten quiz został rozwiązany 65 razy
  • Średni wynik to 9 z 15

Statystyki odpowiedzi

Liczba lotówMiasto% Poprawnych
81,2KParyż
89%
76,8KNowy Jork
85%
67,1KLondyn
83%
72,8KLos Angeles
81%
93,7KPekin
81%
74KTokio
76%
62,3KMoskwa
67%
96,1KDubaj
63%
90KSzanghaj
61%
69,8KBerlin
59%
83,9KFrankfurt
56%
63,8KChicago
54%
60,2KWarszawa
48%
85,6KSingapur
22%
64,5KBombaj
9%

Rozkład punktacji

Percentyl według liczby udzielonych odpowiedzi

Procent ludzi z każdym wynikiem

Twoja historia wyników

Nie rozwiązałeś tego quizu